00895nam a2200289 a 450000100060000000300100000600500170001600700030003300800410003602000180007704000300009504100080012508200220013310000280015524500690018325000120025230000360026433600270030033700330032733800280036049000240038865000430041265000450045565000430050065000330054370000290057657923CO-BoRNBP20250812201935.0ta110425s2008 mx a gr 000100spa d a9789708250191 aCO-BoBLA bspa cCO-BoBLA0 aspa04aI028 bC67l2 2211 aCottin, Menena, d1950-13aEl libro negro de los colores / cMenena Cottin, Rosana Faría. a3a. ed. a[24] p. : bil. ; c18 x 29 cm. 2rdacontentatextobtxt 2rdamediaasin mediaciónbn 2rdacarrieravolumenbnc 0aBraille-Colección 7aColoresv Cuentos infantiles.2BLAAUTO 7aLibros ilustrados para niños.2BLAAUTO 7aColoresx Libros para ciegos.2BLAAUTO 7aLibros para ciegos.2BLAAUTO1 aFaría, Rosana, d1963-